000 00437nam a2200181Ia 4500
003 GCL
008 140319s9999 xx 000 0 eng d
040 _aGCL /
_cGCL
082 0 4 _a843
_bT M
100 1 _aTROTSKY, LEON
245 1 0 _aMA VIE /
_cTROTSKY, LEON
260 _a[S.N] :
_bGALLIMARD ،
_c1989
300 _a691 P
490 _aCOLLECTION FOLIO
_v0
650 0 4 _aLITERATURE
650 0 4 _aFRENCH LITERATURE
942 _2ddc
_cBK
999 _c22423
_d22423